Se il grano non muore /

में बचाया:
ग्रंथसूची विवरण
मुख्य लेखक: Gide, André (लेखक)
स्वरूप: पुस्तक
भाषा:इतालवी
प्रकाशित: Milano : Bompiani, 1988
संस्करण:2. ed
श्रृंखला:Tascabili Bompiani ; 280
टैग: टैग जोड़ें
कोई टैग नहीं, इस रिकॉर्ड को टैग करने वाले पहले व्यक्ति बनें!

MARC

LEADER 00000nam a22000007i 4500
001 IT\ICCU\RAV\0074038
003 ItRI
005 20250723114028.0
008 891106s1988 it |||||| ||||| |||||c
040 |b ita  |c ct 
041 7 |a ita  |2 ISO-639-2 
100 1 |a Gide, André  |0 IT\ICCU\CFIV\013440  |4 aut 
240 1 0 |a Si le grain ne meurt.  |9 Gide, André 
245 1 0 |a Se il grano non muore /  |c Andre Gide. 
250 |a 2. ed 
260 |a Milano :  |b Bompiani,  |c 1988 
300 |a 366 p. ;  |c 19 cm. 
830 0 |a Tascabili Bompiani ;  |v 280  |0 IT\ICCU\CFI\0000031 
942 |2 ddc  |c BK 
952 |0 0  |1 0  |2 ddc  |4 0  |6 B_LNR01GIDANGRA11  |7 0  |9 4992  |a MI  |b MI  |d 1993-01-19  |i 2787  |l 0  |o B-LNR01-GIDAN-GRA11  |p CDOM2787  |r 2025-07-07 11:14:37  |w 2025-07-07  |x ACQUISTO  |y BK 
981 1 |6 z01  |a i   |b xxxe  
982 1 |6 z01  |a n 
999 |c 3914  |d 3914